MDQL
is popping MORE tags! Check the
thread
!
Quizzes
Events
Quiz Creation
Community
Videos
Private Events
Remove Ads
Sign In
Join for FREE
Feedback
Dark Mode
Quiz Categories
Sports
Geography
Music
Movies
Television
Just For Fun
Miscellaneous
History
Literature
Language
Science
Gaming
Entertainment
Religion
Holiday
For Kids
Quiz Lab
Recent
Popular Today
Quiz Kudos Today
Editor Picks
Curator Picks
Quizzes by...
Day
Popularity
Type
Ratings
Length
Year
Community
Subscriptions
Recent Discussions
Orange Saloon
Badges
Playlists
Quests
Create
Leaderboards
Showdown
Live 5
Trivia Bingo
Activity
Puzzle Library
Sporcle Events
Private Events
Virtual Trivia
Globe League
Become a Host
Pub Owners
SporcleCon
Opinionation
Our Games
Videos
Blog
Mobile Apps
Partnerships
Remove Ads and Go Orange
Feedback
Holiday
Halloween
Christmas
Holiday Songs
April Fools'
Thanksgiving
Valentine's Day
Easter
St Patrick's Day
National Holiday
Religious Holiday
Holiday
Halloween
Christmas
Holiday Songs
April Fools'
Thanksgiving
Valentine's Day
Easter
St Patrick's Day
National Holiday
Religious Holiday
Random Quiz
Search Sporcle
×
Quiz Lab
Quiz Lab
Holiday
Christmas
Type in answers that appear in a list
Type in answers that appear in a list
Classic
Best Score? Go Orange.
The Twelve Days of Christmas Stats
Can you name the The Twelve Days of Christmas?
By
BAB72399
6m
12 Questions
68 Plays
68 Plays
68 Plays
Comments
Comments
Give Quiz Kudos
Give Quiz Kudos
-
- Ratings
hide this ad
Replay
Link that replays current quiz
Next Quiz
Link to next quiz in quiz playlist
You Got
0%
They Got
Avg Score
43%
Avg Friend Score
Upgrade to see
Score Distribution
Jump to the score distribution portion of the page
Score
0/12
Timer
06:00
0
Plays Today
Day
What My true love gave to me
% Correct
The First Day of Christmas
a partridge in a pear tree.
95.6%
The Second Day of Christmas
2 turtle doves
64.7%
The Third Day of Christmas
3 french hens
60.3%
The Fifth Day of Christmas
5 gold rings
45.6%
The Ninth Day of Christmas
9 ladies dancing
36.8%
The Fourth Day of Christmas
4 colly birds
33.8%
The Eleventh Day of Christmas
11 pipers piping
32.4%
The Twelveth Day of Christmas
12 drummers drumming
32.4%
The Sixth Day of Christmas
6 geese-a-laying
30.9%
The Seventh Day of Christmas
7 swans-a-swimming
30.9%
The Eighth Day of Christmas
8 maids-a-milking
30.9%
The Tenth Day of Christmas
10 lords-a-leaping
27.9%
Quiz Playlist
Details
Report
Send in Message
Add To Playlist
Classic:
Type in answers that appear in a list
Last Updated: Feb 16, 2017
Quiz Scoreboard
CHALLENGE
Sign Up to Join the Scoreboard
Show All
Scores
Hide
Comments
May contain spoilers
Recently Published
1-10 Letter E Words III
by El_Dandy
Language
2m
Street Fighter Characters
by Artimus82
Gaming
60s
College Basketball Coaching Resumes
by pancakes188
Sports
9m
More to Explore
Quiz From the Vault
Featured Blog Post
Where Did the Easter Bunny Come From?
hide this ad
You Might Also Like...
Tags
Christmas Quiz
Religious Holiday Quiz
Gave
Love
Twelve
Today's Top Quizzes in Holiday
Browse Holiday
hide this ad
Today's Top Quizzes in Christmas
Browse Christmas
Top Contributed Quizzes in Holiday
1
5-to-1: Holiday Songs
2
5-to-1: Thanksgiving
3
Countries of the World: 200 Million BC
4
Easter - Did You Know?
5
Word Ladder: Four Leaf Clover
6
Show What You Know: US Federal Holidays
7
Click the Cartoon Easter Bunny
8
Slices of Holidays
9
3-per Word Ladder: Listen Up!
10
Holidays Spelling Bee
Explore More
Trending Topics
Marvel
Anime
Kpop
NBA
Disney
Crossword
Harry Potter
Pokémon
NFL
Song
Country
Puzzle
Soccer
The Office
WWE
hide this ad
More By:
BAB72399
Quiz
Plays
Rating
Category
Featured
Created
300 Most Common English Words
1,069
4.13
Literature
Feb 23, 2012
Top 50 Largest Cities in the World by Population
880
1.71
Miscellaneous
Feb 8, 2012
NBA Teams by City
149
3.00
Sports
Feb 16, 2012
Characters in 'The Crucible'
137
3.00
Literature
Mar 3, 2012
NHL teams by City
126
2.67
Sports
Feb 17, 2012
Go to Creator's Profile
Score Distribution
Quiz Creator Spotlight
BAB72399
Follow
Send a Message
Quizzes Created
-
Created Quiz Play Count
-
More By This Creator
Popular Quizzes Today
1
Find the US States - No Outlines Minefield
2
Find the Countries of Europe - No Outlines Minefield
3
Find the US States
4
The Countries of the World
5
Risky Map Clicking: Biggest States A-Z
6
US States
7
Popular People in 1961
8
Movies - When Are They Set?
More Holiday Quizzes
Holidays by Plant
Editor's Pick
Trending Quizzes
Risky Map Clicking: Least Populous States A-Z
1-10 Letter G Words
Countries of the World: 200 Million BC
1-10 Letter F Words
Risky Map Clicking: Next State Alphabetically
Recently Updated
Largest US Cities 1790-2010
pecheneg
Rides in Walt Disney World
pecheneg
Most Oscar Losses (Acting)
pecheneg
Beyoncé Albums
pecheneg
Leaping Animals
pecheneg
Reality TV Shows (A-Z)
bhenderson79
Rickey Henderson's Hall of Fame Teammates
pecheneg
Champions League XIs: Arsenal
pecheneg
Quick Pick: Celebrities in WWE's Hall of Fame
aduchscher
A-Z Keypad Blitz II
pecheneg
Trending Topics
Harry Potter
NBA
Crossword
Anime
Kpop
Disney
Marvel
The Office
Song
NFL
Country
Soccer
WWE
Puzzle
Pokémon
Your Account Isn't Verified!
In order to create a playlist on Sporcle, you need to verify the email address you used during registration. Go to your
Sporcle Settings
to finish the process.
Report this User
Report this user for behavior that violates our
Community Guidelines
.
Details:
Send Report
Go to the Sporcle.com Mobile Site →
Comments